Normal view
MARC view
- Jinnah, Fatima,
Entry Personal Name
001 - CONTROL NUMBER
- control field: 5224
003 - CONTROL NUMBER IDENTIFIER
- control field: NUST
005 - DATE AND TIME OF LATEST TRANSACTION
- control field: 20171004121836.0
008 - FIXED-LENGTH DATA ELEMENTS
- fixed length control field: 171004|| aca||aabn | a|a d
040 ## - CATALOGING SOURCE
- Original cataloging agency: NUST
- Transcribing agency: NUST
100 ## - HEADING--PERSONAL NAME
- Personal name: Jinnah, Fatima,
- Dates associated with a name: 1894-1967.
670 ## - SOURCE DATA FOUND
- Source citation: Work cat.: (NUST)0: K̲h̲vurshīd, S̲urayyā. 5223, Memories of Fatima Jinnah /, 2008.
